| 000 | 00700cam a2200265 4500 | ||
|---|---|---|---|
| 008 | 090401t1987 xxu||||| |||| 00| 0 eng d | ||
| 020 | _a0947763252 | ||
| 035 | _a(Sirsi) u60104 | ||
| 041 | _aeng | ||
| 050 | _a692.80212 | ||
| 100 | _aGoodacre, P.E. | ||
| 245 | _aFormula method of price adjustment for building contracts | ||
| 250 | _a2nd ed. | ||
| 260 |
_aReading _bCollege of Estate Management _c1987 |
||
| 300 | _avi,152p. ; 21cm. | ||
| 350 | _a16.5 | ||
| 490 | _aStudies in Construction Economy | ||
| 650 | _aCALUS | ||
| 650 | _aFLUCTUATIONS | ||
| 650 | _aPRICE ADJUSTMENT FORMULAE | ||
| 650 | _aTENDERING | ||
| 700 | _aCrosbie-Hill, W. | ||
| 942 | _n0 | ||
| 948 | _c04/03/1997 | ||
| 999 |
_c94195 _d94195 |
||